000
00475nam a2200133Ia 4500
008
100328s9999 xx 000 0 und d
082
_b
54182
100
_a
पराडकर ना.पां.
245
_a
सायकलची निगा व दुरुस्ती
260
_b
उदयम
630
_a
सायकलची निगा व दुरुस्ती
730
_a
सायकलची निगा व दुरुस्ती
942
_c
BOOK
999
_c
540905
_d
540902